<?xml version="1.0" encoding="UTF-8"?><?xml-stylesheet type="text/xsl" href="static/style.xsl"?><OAI-PMH xmlns="http://www.openarchives.org/OAI/2.0/" xmlns:xsi="http://www.w3.org/2001/XMLSchema-instance" xsi:schemaLocation="http://www.openarchives.org/OAI/2.0/ http://www.openarchives.org/OAI/2.0/OAI-PMH.xsd"><responseDate>2026-04-13T07:35:23Z</responseDate><request verb="GetRecord" identifier="oai:www.recercat.cat:2445/222400" metadataPrefix="marc">https://recercat.cat/oai/request</request><GetRecord><record><header><identifier>oai:recercat.cat:2445/222400</identifier><datestamp>2025-12-05T14:26:58Z</datestamp><setSpec>com_2072_1057</setSpec><setSpec>col_2072_478825</setSpec><setSpec>col_2072_478909</setSpec><setSpec>col_2072_478917</setSpec></header><metadata><record xmlns="http://www.loc.gov/MARC21/slim" xmlns:dcterms="http://purl.org/dc/terms/" xmlns:xsi="http://www.w3.org/2001/XMLSchema-instance" xmlns:doc="http://www.lyncode.com/xoai" xsi:schemaLocation="http://www.loc.gov/MARC21/slim http://www.loc.gov/standards/marcxml/schema/MARC21slim.xsd">
   <leader>00925njm 22002777a 4500</leader>
   <datafield ind2=" " ind1=" " tag="042">
      <subfield code="a">dc</subfield>
   </datafield>
   <datafield ind2=" " ind1=" " tag="720">
      <subfield code="a">Zivanovic, Goran</subfield>
      <subfield code="e">author</subfield>
   </datafield>
   <datafield ind2=" " ind1=" " tag="720">
      <subfield code="a">Arenas Solà, Concepción</subfield>
      <subfield code="e">author</subfield>
   </datafield>
   <datafield ind2=" " ind1=" " tag="720">
      <subfield code="a">Mestres i Naval, Francesc</subfield>
      <subfield code="e">author</subfield>
   </datafield>
   <datafield ind2=" " ind1=" " tag="260">
      <subfield code="c">2025-07-21T08:07:11Z</subfield>
   </datafield>
   <datafield ind2=" " ind1=" " tag="260">
      <subfield code="c">2025-07-21T08:07:11Z</subfield>
   </datafield>
   <datafield ind2=" " ind1=" " tag="260">
      <subfield code="c">2025-04-25</subfield>
   </datafield>
   <datafield ind2=" " ind1=" " tag="260">
      <subfield code="c">2025-07-21T08:07:11Z</subfield>
   </datafield>
   <datafield ind2=" " ind1=" " tag="520">
      <subfield code="a">In insects, chromosomal inversion polymorphism has been related with different adaptations, including global warming. Regarding this environmental change, Drosophila subobscura stands out as a useful model species due to its rich inversion polymorphism covering the whole karyotype. The main aims of this research were to analyze the differentiation of this polymorphism in Jastrebac Mt. (Serbia) depending on the different habitats (beech and oak forests) and over time. These latter changes were studied in relation to climatic variables (mean, minimum and maximum temperatures, humidity and rainfall). Microdifferentiation was observed between beech and oak forests, mainly for the A and O chromosomes. However, the changes over time turned out to be larger than those due to habitat. In Jastrebac Mt., temperatures increased over time, with this increase being significant for mean and minimum one. The Multidimensional Scaling analysis showed a relation between chromosomal inversions and temperatures (mainly minimum) in Jastrebac Mt. and other Serbian populations of D. subobscura. In beech forest of Jastrebac Mt., the Chromosomal Thermal Index increased over time from 1990 to 1994, but showing a possible stabilization in 2023. This result was observed in other studied Serbian populations. Although those are preliminary results, it might hypothesize that there may be a threshold for the action of natural selection, increasing ‘warm’ adaptive inversions and decreasing ‘cold’ ones. The possible reasons for this hypothesis are also discussed.</subfield>
   </datafield>
   <datafield tag="653" ind2=" " ind1=" ">
      <subfield code="a">Escalfament global</subfield>
   </datafield>
   <datafield tag="653" ind2=" " ind1=" ">
      <subfield code="a">Drosòfila subobscura</subfield>
   </datafield>
   <datafield tag="653" ind2=" " ind1=" ">
      <subfield code="a">Selecció natural</subfield>
   </datafield>
   <datafield tag="653" ind2=" " ind1=" ">
      <subfield code="a">Adaptació (Biologia)</subfield>
   </datafield>
   <datafield tag="653" ind2=" " ind1=" ">
      <subfield code="a">Global warming</subfield>
   </datafield>
   <datafield tag="653" ind2=" " ind1=" ">
      <subfield code="a">Drosophila subobscura</subfield>
   </datafield>
   <datafield tag="653" ind2=" " ind1=" ">
      <subfield code="a">Natural selection</subfield>
   </datafield>
   <datafield tag="653" ind2=" " ind1=" ">
      <subfield code="a">Adaptation (Biology)</subfield>
   </datafield>
   <datafield ind2="0" ind1="0" tag="245">
      <subfield code="a">Temporal and habitat adaptations in Drosophila subobscura populations: changes in chromosomal inversions </subfield>
   </datafield>
</record></metadata></record></GetRecord></OAI-PMH>